The spirit of Islam: (Record no. 20423)

MARC details
000 -LEADER
fixed length control field 00832cam a22002771 4500
001 - CONTROL NUMBER
control field 1706352
003 - CONTROL NUMBER IDENTIFIER
control field BDDh-ASL
005 - DATE AND TIME OF LATEST TRANSACTION
control field 20231015025903.0
008 - FIXED-LENGTH DATA ELEMENTS--GENERAL INFORMATION
fixed length control field 710419s19611967enk b 000 0 eng
010 ## - LIBRARY OF CONGRESS CONTROL NUMBER
LC control number 68097979
015 ## - NATIONAL BIBLIOGRAPHY NUMBER
National bibliography number B***
040 ## - CATALOGING SOURCE
Original cataloging agency DLC
Transcribing agency DLC
Modifying agency DLC
-- OCoLC
-- BDDh-ASL
050 00 - LIBRARY OF CONGRESS CALL NUMBER
Classification number BP161
Item number .A335 1967
082 00 - DEWEY DECIMAL CLASSIFICATION NUMBER
Classification number 297.09
Item number SYS
100 1# - MAIN ENTRY--PERSONAL NAME
Personal name Ali, Syed Ameer,
Dates associated with a name 1849-1928.
245 14 - TITLE STATEMENT
Title The spirit of Islam:
Remainder of title a history of the evolution and ideals of Islam with a life of the Prophet /
260 ## - PUBLICATION, DISTRIBUTION, ETC.
Place of publication, distribution, etc. London:
Name of publisher, distributor, etc. Methuen
Date of publication, distribution, etc. [1967]
300 ## - PHYSICAL DESCRIPTION
Extent lxxi, 515 p.
Dimensions 22 cm.
350 ## - PRICE (NR) (BK AM CF MU VM SE) [OBSOLETE]
Price 27/6
490 0# - SERIES STATEMENT
Series statement University paperbacks, UP107
504 ## - BIBLIOGRAPHY, ETC. NOTE
Bibliography, etc. note Bibliographical footnotes.
600 00 - SUBJECT ADDED ENTRY--PERSONAL NAME
Personal name MuḼammad,
Titles and other words associated with a name Prophet,
Dates associated with a name -632.
650 #0 - SUBJECT ADDED ENTRY--TOPICAL TERM
Topical term or geographic name entry element Islam.
906 ## - LOCAL DATA ELEMENT F, LDF (RLIN)
a 7
b cbc
c orignew
d u
e opcn
f 19
g y-gencatlg
942 ## - ADDED ENTRY ELEMENTS (KOHA)
Source of classification or shelving scheme Dewey Decimal Classification
Koha item type Books
Holdings
Withdrawn status Lost status Source of classification or shelving scheme Damaged status Not for loan Collection code Home library Current library Shelving location Date acquired Source of acquisition Total Checkouts Full call number Barcode Date last seen Copy number Price effective from Koha item type Public note
    Dewey Decimal Classification   Not For Loan Non-fiction Asiatic Society Library Asiatic Society Library General Stacks 01/09/2021 ASB Collection   297.09 SYS 103866 01/09/2021 C-1 01/09/2021 Books RARE
    Dewey Decimal Classification   Not For Loan Non-fiction Asiatic Society Library Asiatic Society Library General Stacks 01/09/2021 ASB Collection   297.09 SYS 103867 01/09/2021 C-2 01/09/2021 Books RARE

Powered by Koha